Star wars ships (extensive) - Statistics

General Stats
  • This quiz has been taken 193 times
    108 since last reset
  • The average score is 33 of 176
Answer Stats
Picture Answer % Correct
Millennium Falcon
82%
LAAT gunship
79%
TIE fighter
79%
A-wing
69%
TIE bomber
69%
Death star
67%
Slave I
66%
X-wing
64%
V-wing
61%
Y-wing
61%
N-1
59%
TIE interceptor
59%
Venator
59%
B-wing
57%
U-wing
52%
ARC-170
51%
Executor
51%
Ghost
49%
Razor crest
49%
TIE defender
46%
Delta-7 Aethersprite
43%
TIE advanced
43%
Acclamator
39%
E-wing
39%
Interdictor
39%
Sith infiltrator
39%
Tri-fighter
39%
Hammerhead corvette
38%
Hyena fighter/bomber
38%
Nebulon B
38%
Eclipse
34%
Phantom
34%
Lucrehulk
33%
Malevolence
33%
Victory
33%
Home one
31%
TIE dagger
31%
Droid gunship
30%
TIE reaper
30%
Chimaera
28%
Hammerhead
28%
K-wing
28%
Munificent
28%
TIE striker
28%
GR-75
26%
Providence
26%
MC75
25%
Omicron
25%
Resurgent
25%
TIE vendetta
25%
Mega
23%
Pelta
23%
Recusant
23%
Arquitens
21%
Eta-2 Actis
21%
Cantwell-class Arrestor cruiser
20%
CR90
20%
Dreadnought
20%
Gozanti
20%
H-wing
20%
Nebula
20%
Xyston
20%
Gladiator
18%
Starhawk
18%
Z-95 Headhunter
18%
Ebon Hawk
16%
Kom'rk
16%
Mandator IV
16%
Raider
16%
T-6
16%
TIE Baron
16%
TIE Predator
16%
Koros-Strohna
15%
Liberty
15%
MC140 Scythe
15%
TIE Aggressor
15%
TIE Phantom
15%
Torrent
15%
Assault Frigate Mark II
13%
Imperial I
13%
Lancer
13%
MC85
13%
Naboo Royal Starship
13%
Nu
13%
Sun Crusher
13%
YT-2400
13%
Assault Frigate Mark I
11%
D-wing
11%
Fondor Haulcraft
11%
Imperial II
11%
Marauder
11%
Pellaeon
11%
StarFortress
11%
TIE Oppressor
11%
Colossus
10%
Consular
10%
Corona
10%
Endurance
10%
Harrower
10%
Interdictor
10%
MC30c
10%
Onager
10%
Quasar Fire-class
10%
TIE boarding craft
10%
Viscount star defender
10%
YV-666
10%
Braha'tok
8%
CF9 Crossfire
8%
DP20
8%
Fireball
8%
Phoenix home
8%
Sheathipede
8%
TIE Interdictor
8%
TIE Lander
8%
T-wing
8%
Tydirium
8%
TYE-wing
8%
Defender
7%
Longbeam
7%
MC40a
7%
Nantex
7%
Nebulon-C
7%
Upsilon
7%
AA-9
5%
Axehead
5%
BFF-1
5%
Defender
5%
Jedi Vector
5%
Keldabe
5%
Maxillipede
5%
Nssis
5%
Praetorian
5%
Preox-Morlana Personnel Carrier
5%
Quartermaster
5%
R-41 Starchaser
5%
Sabretooth
5%
ShaShore
5%
Taylander
5%
Aka'jor
3%
Assertor
3%
Baleen
3%
Centurion
3%
Cloakshape
3%
DeepWater
3%
DH-Omni
3%
Eta
3%
Flarestar
3%
I-7 Howlrunner
3%
Inexpugnable
3%
IPV-2C
3%
Lethisk
3%
Ninka
3%
Paladin
3%
Shekelesh
3%
Star Commuter 2000
3%
Terminus
3%
Thranta
3%
TIE Vanguard
3%
Twintail
3%
Y-8
3%
YV-865 Aurore
3%
A-9 Vigilance
2%
G9 Rigger
2%
GX1
2%
H-60 Tempest
2%
I4 Ionizer
2%
Kandosii
2%
Liberator
2%
Lictor
2%
U55
2%
Valor
2%
ZH-40 Tribune
2%
Extinction
0%
Mark IV Supremacy
0%
Neutralizer
0%
Star Galleon
0%
No matching quizzes found
Score Distribution
Percent of People with Each Score
Percentile by Number Answered
Your Score History
You have not taken this quiz since the last reset